000 01020nam a2200277 i 4500
001 bg
245 0 0 _aStan czystości rzek, jezior i Bałtyku :
_bna podstawie wyników badań wykonywanych w ramach państwowego monitoringu środowiska w latach 1998-1999 /
_caut. Anna Bożek [et al.] ; Państwowa Inspekcja Ochrony Środowiska.
260 _aWarszawa :
_bPIOŚ,
_c2000.
300 _a158 s. :
_bil., mapy kolor. ;
_c24 cm.
490 1 _aBiblioteka Monitoringu Środowiska
504 _aBibliogr.
650 9 _aBałtyk
_xhigiena
650 9 _aJeziora
_xhigiena
_zPolska
650 9 _aRzeki
_xhigiena
_zPolska
650 9 _aŚrodowisko człowieka
_xhigiena i ochrona
_zPolska
_yod 1989 r.
700 1 _aBOŻEK, Anna
710 0 _aPaństwowa Inspekcja Ochrony Środowiska
830 _aBiblioteka Monitoringu Środowiska
020 _a837217122X
040 _cBPK
041 0 _apl
080 _a504.4.064.3(438)"1989/..."
920 _a83-7217-122-X
942 _cKS
008 s pl f |000 0 pol
999 _c39665
_d39665
856 _uhttp://koha.tu.koszalin.pl/cgi-bin/koha/opac-detail.pl?biblionumber=39665
_yKatalog online BPK